[Event "Aplicando a devida NABA no pato."]
[Site "http://www.queenalice.com/game.php?id=477020"]
[Date "2008.10.14"]
[Round "-"]
[White "FPM"]
[Black "Caisso"]
[Result "0-1"]
[WhiteElo "1868"]
[BlackElo "1912"]

1. e4 c6 2. d4 d5 3. e5 Bf5 4. Ne2 e6 5. Ng3 Bg6 6. a3 c5 7. c3 Nc6 8. Bb5 a6 9.
Ba4 b5 10. Bb3 cxd4 11. cxd4 Qb6 12. Be3 Nge7 13. O-O Nf5 14. Nxf5 Bxf5 15. Nd2
Nxd4 16. Rc1 Bc5 17. Nf3 Nxf3+ 18. gxf3 Bxe3 19. fxe3 Qxe3+ 20. Kh1 Qxe5 21. Bc2
Bxc2 22. Qxc2 O-O 23. b3 g6 24. Rce1 Qd6 25. b4 Rac8 26. Qd2 Rc4 27. Qe3 Rc2 28.
f4 Rfc8 29. Re2 R8c3 0-1

[Event "15ª partida: CAISSO 12 x 2 FPM"]
[Site "http://www.queenalice.com/game.php?id=487578"]
[Date "2008.11.4"]
[Round "-"]
[White "Caisso"]
[Black "FPM"]
[Result "1-0"]
[WhiteElo "1930"]
[BlackElo "1825"]

1. e4 e5 2. Nf3 Nc6 3. Bb5 Nf6 4. O-O Bc5 5. d3 d6 6. Bg5 Bd7 7. Nc3 Be6 8. Nd5
a6 9. Bxc6+ bxc6 10. Nxf6+ gxf6 11. Be3 Ba7 12. Bxa7 Rxa7 13. d4 Ke7 14. Nh4 Qg8
15. b3 Qg5 16. g3 d5 17. dxe5 fxe5 18. f4 exf4 19. Rxf4 Rd8 20. Qd4 Rb7 21. Qc5+
Kd7 22. exd5 cxd5 23. c4 c6 24. cxd5 Bxd5 25. Re1 Re8 26. Ref1 Kc8 27. Nf5 Rd8
28. Nd6+ Rxd6 29. Qxd6 Qg7 30. Re1 Qg8 31. Rg4 Qd8 32. Qxd8+ Kxd8 33. Rg8+ Kc7
34. Re7+ Kb6 35. Rxb7+ Kxb7 36. Rg7 Kb6 37. Rxh7 Kb5 38. Rh8 a5 39. Rb8+ Kc5 40.
h4 Bf3 41. Kf2 Bd1 42. Ke3 Bc2 43. Kf4 Bb1 44. a3 1-0

[Event "Primeiro cacete na menina"]
[Site "http://www.queenalice.com/game.php?id=488410"]
[Date "2008.11.5"]
[Round "-"]
[White "Caisso"]
[Black "absolutor_11"]
[Result "1-0"]
[WhiteElo "1928"]
[BlackElo "1500"]

1. e4 e5 2. Nf3 f6 3. Nxe5 fxe5 4. Qh5+ g6 5. Qxe5+ Be7 6. Qxh8 d6 7. Qxg8+ Kd7
8. Qxh7 Qf8 9. Qxg6 Nc6 10. Bb5 a6 11. Bxc6+ bxc6 12. Nc3 Bb7 13. d3 d5 14. e5
Bc5 15. e6+ Kd8 16. Bg5+ Be7 17. Bxe7+ Qxe7 18. O-O Qf8 19. Rae1 Ke7 20. Qh7+
Kd6 21. Qd7+ Kc5 22. d4+ Kb6 23. Na4+ Kb5 24. Qxc7 Kxa4 25. Qxb7 Ka5 26. Re3 Rb8
27. Ra3+ Qxa3 28. Qc7+ Rb6 29. bxa3 Kb5 30. Rb1+ Ka4 31. Qxb6 Kxa3 32. Qb3# 1-0